Točenyje defekty v metallach : Vvedenije v teoriju /

Gespeichert in:
Bibliographische Detailangaben
Hauptverfasser: Liebfried, G (Verfasst von), Breuer, N (Verfasst von)
Format: Buch
Sprache:Russisch
Veröffentlicht: Moskva : Mir, 1981
Tags: Tag hinzufügen
Keine Tags, Fügen Sie das erste Tag hinzu!

MARC

LEADER 00000nam a22000003a 4500
001 stu38596
005 20150617225724.9
008 921109s1981----xxr-----------------rus-d
040 |a STU  |b slo 
041 0 |a rus 
044 |a xxr 
100 1 |a Liebfried, G  |4 aut 
245 1 |a Točenyje defekty v metallach :  |b Vvedenije v teoriju /  |c [aut.]G. Liebfried, N. Breuer; Z angl. kol 
260 |a Moskva :  |b Mir,  |c 1981 
300 |a 439 s 
700 1 |a Breuer, N  |4 aut 
996 |b 284M062434  |c M*6995-1  |l MMKN  |s A  |a 24  |w stu38596_0001